| 000 | 00916pab a2200169 454500 | ||
|---|---|---|---|
| 008 | 180718b2007 xxu||||| |||| 00| 0 eng d | ||
| 100 | _aSrivastava, Ravi | ||
| 245 | _aMeeting social goals or neoliberal reform? | ||
| 260 | _c2007 | ||
| 300 | _ap.812-15. | ||
| 362 | _a10 Mar | ||
| 520 | _aThe National Knowledge Commission has made a number of important general recommendations for higher education, but there has been little working out of detail and the database on some important dimensions is questionable. The main conclusions are based on an analysis of the public education system with very little focus on the growing private sector. It is doubtful whether the NKC recommendations constitute a step forward in meeting the national goals in higher education at this juncture. - Reproduced. | ||
| 650 | _aKnowledge Commission | ||
| 773 | _aEconomic and Political Weekly | ||
| 908 | _aN | ||
| 909 | _a73401 | ||
| 999 |
_c73401 _d73401 |
||